東工大合格者数10人以上の高校(2024年) - Statistics

General Stats
  • This quiz has been taken 48 times
  • The average score is 11 of 23
Answer Stats
人数 所在地 学校名 % Correct
11 千葉 千葉
93%
21 千葉 船橋
83%
10 東京 開成
80%
15 埼玉 大宮
75%
12 東京 麻布
75%
14 神奈川 湘南
70%
13 神奈川 浅野
70%
11 千葉 渋谷教育学園幕張
63%
10 埼玉 川越
48%
11 東京
45%
10 東京 戸山
45%
11 千葉 東葛飾
43%
11 東京 海城
38%
10 東京 桐朋
38%
11 神奈川 厚木
35%
12 東京 攻玉社
30%
12 東京 早稲田
23%
12 神奈川 横浜サイエンスフロンティア
20%
11 神奈川 相模原中等
20%
13 神奈川 桐蔭学園
18%
10 東京 城北
18%
12 神奈川 柏陽
15%
10 千葉 昭和学院秀英
15%
No matching quizzes found
Score Distribution
Percent of People with Each Score
Percentile by Number Answered
Your Score History
You have not taken this quiz